Principles and practice of management (Record no. 5273)

MARC details
000 -LEADER
fixed length control field 00518nam a2200181Ia 4500
003 - CONTROL NUMBER IDENTIFIER
control field SGT
020 ## - INTERNATIONAL STANDARD BOOK NUMBER
International Standard Book Number 9788127270766
082 ## - DEWEY DECIMAL CLASSIFICATION NUMBER
Classification number 658
Item number GUP
100 ## - MAIN ENTRY--PERSONAL NAME
Personal name Gupta,R.S
245 ## - TITLE STATEMENT
Title Principles and practice of management
260 ## - PUBLICATION, DISTRIBUTION, ETC. (IMPRINT)
Name of publisher, distributor, etc Kalyani Publishers
Place of publication, distribution, etc New Delhi
Year of Publication 2011
300 ## - PAGE DESCRIPTION
No. of Pages VPp.
650 ## - SUBJECT ADDED ENTRY--TOPICAL TERM
Topical term or geographic name as entry element MANAGEMENT
653 ## - KEYWORDS--INDEX TERM
Keyword term CONCEPT,NATURE AND IMPORTANCE OF MANAGEMENT,FUNCTIONS AND PRINCIPLES OF MANAGEMENT,BUSINESS FORECASTING,DEPARTMENTATION
700 ## - ADDED ENTRY--PERSONAL NAME
Personal name Bhalla,N.S
700 ## - ADDED ENTRY--PERSONAL NAME
Personal name Sharma,B.D
942 ## - ADDED ENTRY ELEMENTS (KOHA)
Source of classification or shelving scheme Dewey Decimal Classification
Koha item type Books
Holdings
Withdrawn status Lost status Source of classification or shelving scheme Damaged status Not for loan Home library Current library Date acquired SGTU Total Checkouts Full call number Accession No. (Barcode) Date last seen Bill Date Koha item type Use restrictions Collection code Shelving location Date last borrowed
    Dewey Decimal Classification     SGT Engineering Library SGT Engineering Library 28/06/2011 SGTU   658 GUP FE3696 09/02/2015 09/02/2015 Books        
    Dewey Decimal Classification     SGT Engineering Library SGT Engineering Library 28/06/2011 SGTU   658 GUP FE3697 09/02/2015 09/02/2015 Books        
    Dewey Decimal Classification   Not For Loan SGT Engineering Library SGT Engineering Library 28/06/2011 SGTU   658 GUP FE3698 09/02/2015 09/02/2015 Books Restricted Access ENGINEERING Reference Book  
    Dewey Decimal Classification     SGT Engineering Library SGT Engineering Library 28/06/2011 SGTU   658 GUP FE3699 09/02/2015 09/02/2015 Books        
    Dewey Decimal Classification     SGT Engineering Library SGT Engineering Library 28/06/2011 SGTU 1 658 GUP FE3700 08/05/2017 09/02/2015 Books       05/05/2017